Role of rural women in development : (Record no. 1576)
[ view plain ]
| 000 -LEADER | |
|---|---|
| fixed length control field | 005960000a22001450004500 |
| 008 - FIXED-LENGTH DATA ELEMENTS--GENERAL INFORMATION | |
| fixed length control field | 230817t ||||| |||| 00| 0 eng d |
| 082 ## - DEWEY DECIMAL CLASSIFICATION NUMBER | |
| Classification number | 305.4 |
| Item number | ROL |
| 942 ## - ADDED ENTRY ELEMENTS (KOHA) | |
| Item Type | Reports |
| 700 ## - ADDED ENTRY--PERSONAL NAME | |
| Personal name | Mazumdar, Vina |
| Relator Term | editor |
| 245 ## - TITLE STATEMENT | |
| Title | Role of rural women in development : |
| Sub Title | report of an international study seminar |
| 260 ## - PUBLICATION, DISTRIBUTION, ETC. (IMPRINT) | |
| Place of Publication | Bombay: |
| Name of Publisher | Allied Pubishers, |
| Date of Copyright | 1978 |
| 300 ## - PHYSICAL DESCRIPTION | |
| Extent | viii, 125 p. : 23 cm |
| Physical Details | Index included |
| 500 ## - GENERAL NOTE | |
| General Note | report of an international study seminar held at the Institute of Development Studies, University of Sussex, U.K., 5th January to 10th February 1977 |
| 650 ## - SUBJECT ADDED ENTRY--TOPICAL TERM | |
| Topical Term | Women in rural development |
| Withdrawn status | Lost status | Damaged status | Not for loan | Permanent location | Current location | Date acquired | Total Checkouts | Full call number | Barcode | Date last seen | Price effective from | Koha item type |
|---|---|---|---|---|---|---|---|---|---|---|---|---|
| Resource center, Muslim Women's Research And Action Forum | Resource center, Muslim Women's Research And Action Forum | 2023-08-17 | 305.4 ROL | RAF3237 | 2023-08-17 | 2023-08-17 | Reports |

